000 00613nam a2200217Ia 4500
005 20250923145720.0
008 008 250917s9999 xx 000 0 eng d
037 _aTextual
040 _aDSWL
_beng
_cDSWL
041 _aeng
_2eng
084 _aT15:3, N83
_qDSWL
100 _aFox, C.L.
_9838251
245 0 _aSocial acceptance: Key to Mainstreanring
_c by C.L. Fox
260 _aCalifornia
_bB.L. Winch & Associated
_c1983
300 _a53p.
365 _aINR
_b70.69
700 _a I.M. Malian
_9838252
925 _g70.69
942 _cTEXL
_hT15:3, N83
999 _c1454690
_d1454690